00440 2200169 4500001002100000005001500021035002000036245005100056100002100107250001700128300003300145260003500178082000800213084001400221020002100235650001400256INLIS00000000000031620240602013910 a0010-06240000251 aVegetarian untuk Kesehatan /cEko Purwaningsih0 aEko Purwaningsih acetakan ke-1 aiv, 116 hlm :bilus ;c21 cm aJakarta :bGaneca Exact,c2007 a635 a635 EKO v a978-979571-468-2 4aKesehatan